000 03368cam a22002415a 4500
001 L154098
008 111013s2011 xxk f 000 0 eng d
020 _a9781119979333
035 _a(Sirsi) u154098
041 0 _aeng
100 1 _aHewitt, Andrew
245 0 0 _aConstruction Claims and Responses
_bEffective Writing and Presentation
_h[electronic resource]
260 _bWiley-Blackwell
_c2011
300 _aeBook
505 2 _a1 Introduction Why is it Necessary to Produce a Fully Detailed and Professionally Presented Claim or Response? -- The Purpose of the Book -- Things to be Considered Before Writing the Claim -- The Form of Contract Used in the Examples -- Definitions -- The Example Projects -- 2 Types of Claim -- Claims for Variations -- Claims for Extensions of Time -- Claims for Additional Payment Due to Prolongation -- Acceleration and Disruption Claims -- Claims for Damages Under Law -- The Requirement to Submit Notices of Claims -- Interim and Final Claims Contract Administration and Project Records -- Dispute Adjudication Boards and the Like -- 3 Presentation -- Presentation of the Submission or Review Document -- Writing Style -- Making the Document User-Friendly -- Making the Submission or Review a Stand-Alone Document -- Do not Assume that the Reviewer has Knowledge of the Project or Circumstances -- The Importance of Leading the Reviewer to a Logical Conclusion -- Use of the Narrative to Explain Other Documents -- Substantiation by the Use of Exhibits and Additional Documents -- Compilation of the Document -- Summary of the Principles Covered in this -- 4 The Essential Elements of a Successful Claim -- Introduction -- Summary of the Principles Covered in this -- 5 The Preliminaries to the Claim -- 6 The Extension-of-Time Claim -- The Method of Delay Analysis -- 7 The Claim for Additional Payment -- Calculations -- 8 The Appendices and Editing -- Arrangement of the Appendices -- Editing and Review -- 9 Claim Responses and Determinations -- 10 A Note on Dispute Boards
520 _aThis eBook is international in its outlook and will be useful for those involved in claims on a worldwide basis. It is essential reading for anyone who is preparing a claim for the first time and or those of us with experience aplenty, the eBook provides an excellent aide-memoire and will ensure that nothing is missed. The book is, without doubt, fully comprehensive and goes through the preparation of a claim from A to Z. Claims may be related to variations, delays caused by the employer and neutral events which could involve extensions of time, prolongation costs, acceleration and disruption, all of which are fully explained. Claims are nearly always prepared by reference to the conditions of contract. The book refers to the FIDIC conditions, but this should not put off those who are involved with contracts where other standard conditions apply. The comprehensive nature of the book would easily enable the reader to slot the advice provided on its pages into other standard conditions of contract.
590 _aka ntk
650 2 4 _aEBOOK
651 4 _aINTERNATIONAL
690 _aMANAGEMENT-DISPUTE AVOIDANCE, MANAGEMENT AND RESOLUTION-DISPUTE MANAGEMENT AND RESOLUTION-ARBITRATION
856 4 0 _uhttps://www.vlebooks.com/
_zView on VLEbooks. Logins for members only from [email protected]
942 _n0
999 _c112836
_d112836